Pastoral counseling
Uloženo v:
| Hlavní autor: | |
|---|---|
| Médium: | Kniha |
| Jazyk: | angličtina |
| Vydáno: |
New York
Abingdom Press
c1959
|
| Témata: | |
| Tagy: |
Přidat tag
Žádné tagy, Buďte první, kdo vytvoří štítek k tomuto záznamu!
|
MARC
| LEADER | 00000nam a22000005a 4500 | ||
|---|---|---|---|
| 003 | CL-ChBUA | ||
| 005 | 20120815091636.0 | ||
| 008 | 090824s1959 xxu||||| |||| 000 ||eng | ||
| 040 | |a CL-ChBUA |c CL-ChBUA | ||
| 082 | 0 | 0 | |a 253.5 |
| 090 | |c 26693 |d 26693 | ||
| 100 | 1 | |a Hiltner, Seward | |
| 245 | 1 | 0 | |a Pastoral counseling |
| 260 | |a New York |b Abingdom Press |c c1959 | ||
| 300 | |a 291 p. |c 24 cm. | ||
| 504 | |a índice | ||
| 650 | 4 | |a PSICOLOGIA PASTORAL | |
| 942 | |c LIB | ||
| 952 | |0 0 |1 0 |2 ddc |4 0 |6 253_500000000000000_H_656_1959 |7 0 |9 62736 |a UNACH |b UNACH |c 200 |d 2009-08-24 |i 45.451 |l 0 |o 253.5 / H 656 1959 |p 63871 |r 2019-07-31 00:00:00 |t 1 |w 2012-08-08 |y LIB | ||
| 999 | |c 26693 |d 26693 | ||